000 00328nam a22001457a 4500
008 210527b ||||| |||| 00| 0 eng d
020 _a9780816033317
041 _aeng
080 _a7
082 _a7
100 _a44
101 _aART
245 _aArt of the Ancient Mediterranean World
_cBernice Wilson
942 _2udc
_cBK
999 _c57702
_d57702